000 00559nam a2200193Ia 4500
005 20250326141214.0
008 250326s9999 xx 000 0 und d
020 _a0-7494-1637-8
037 _aTextbook
040 _aFMSL
_beng
_cFMSL
041 _aeng
_2eng
084 _aX:74 N5
_qFMSL
100 _aBurke G
_9743936
245 0 _aExamining business process re engineering
_cBurke G; Peppard J
260 _aUnited Kingdom
_bUnited Kingdom, London, Kogan Page
_c1995
300 _a320p
942 _cTB
_hX:74 N5
999 _c1289214
_d1289214